000 00507nam a2200181Ia 4500
003 OSt
005 20251103152214.0
008 250729s2005 xx 000 0 und d
040 _cAL
041 _akan
082 _a494.507 PARM
100 _aಪರಗಿ ಅನಸೂಯ ವಿ
_9223780
245 _aಮಾತೃಭಾಷೆ ಕನ್ನಡ-ತತ್ತ್ವ ಮತ್ತು ಮಾರ್ಗ
260 _aChikkaballapura
_c2005
300 _a567p
650 _aKannada
_9223781
942 _2ddc
_cBED
999 _c236078
_d236078